[Event "4NCL/Div3/SCS vs. HAL"]
[Site "Hinckley Island ENG"]
[Date "2009.03.21"]
[Round "7.4"]
[White "Bull, Philip"]
[Black "Lutton, J Arnold"]
[Result "0-1"]
[WhiteElo "1945"]
[BlackElo "1847"]
[PlyCount "68"]
[EventDate "2009.03.21"]
[SourceDate "2008.10.04"]

1. d4 e6 2. e4 d5 3. exd5 exd5 4. Nf3 Nf6 5. Bg5 Be7 6. Bd3 Be6 7. c3 Nbd7 8.
Nbd2 O-O 9. Qc2 Rc8 10. Ne5 h6 11. h4 c5 12. Nxd7 Nxd7 13. Bh7+ Kh8 14. Nf3
cxd4 15. Nxd4 Bxg5 16. hxg5 Qxg5 17. Kf1 Ne5 18. Re1 Rce8 19. Re3 Bg4 20. Rg3
Nc4 21. Nf3 Qf4 22. Rh4 Ne3+ 23. fxe3 Qxg3 24. Rxg4 Qxg4 25. Bf5 Qg3 26. Qd3
Re7 27. Qxd5 Rxe3 28. Bd7 Qf4 29. Qxb7 Rd8 30. Qb5 Rxf3+ 31. gxf3 Qxf3+ 32. Kg1
Qd1+ 33. Qf1 Rxd7 34. b3 Qg4+ 0-1

[Event "4NCL/Div3/SCS vs. HAL"]
[Site "Hinckley Island ENG"]
[Date "2009.03.21"]
[Round "7.5"]
[White "Bogoda, Nathasha"]
[Black "Peck, Windsor W"]
[Result "0-1"]
[WhiteElo "1595"]
[BlackElo "1845"]
[PlyCount "68"]
[EventDate "2009.03.21"]
[SourceDate "2008.10.04"]

1. d4 d5 2. c4 c6 3. Nc3 e6 4. Nf3 dxc4 5. e3 b5 6. a4 Bb4 7. Bd2 Bb7 8. axb5
Bxc3 9. Bxc3 cxb5 10. b3 a5 11. bxc4 b4 12. Bd2 Nf6 13. Ne5 O-O 14. Qa4 Qe8 15.
Qc2 Nc6 16. Nf3 Qe7 17. c5 Rfd8 18. Bb5 Qc7 19. Rg1 Rdc8 20. Bxc6 Bxc6 21. Ne5
Bd5 22. f3 b3 23. Qc3 a4 24. g4 Nd7 25. Nxd7 Qxd7 26. f4 Qb5 27. Qb2 Bf3 28.
Bc3 a3 29. Qf2 Be4 30. Qe2 Qxe2+ 31. Kxe2 b2 32. Kd2 bxa1=Q 33. Rxa1 a2 34. Kc1
Rcb8 0-1

[Event "4NCL/Div3/OXF3 vs. CONQ"]
[Site "Hinckley Island ENG"]
[Date "2009.03.21"]
[Round "7.1"]
[White "Hadi, Justin"]
[Black "Foster, James C"]
[Result "1-0"]
[WhiteElo "2015"]
[BlackElo "1995"]
[PlyCount "29"]
[EventDate "2009.03.21"]
[SourceDate "2008.10.04"]

1. e4 c5 2. c3 g6 3. d4 cxd4 4. cxd4 d5 5. Nc3 dxe4 6. Nxe4 Bg7 7. Nf3 Nh6 8.
Bc4 O-O 9. O-O Bg4 10. d5 Nd7 11. h3 Ne5 12. Be2 Nxf3+ 13. Bxf3 Bxf3 14. Qxf3
Qxd5 15. Nf6+ 1-0

[Event "4NCL/Div3/OXF3 vs. CONQ"]
[Site "Hinckley Island ENG"]
[Date "2009.03.21"]
[Round "7.2"]
[White "Gibbs, Dominic"]
[Black "Neatherway, Philip"]
[Result "1/2-1/2"]
[WhiteElo "1995"]
[BlackElo "1960"]
[PlyCount "78"]
[EventDate "2009.03.21"]
[SourceDate "2008.10.04"]

1. e4 c5 2. c3 d5 3. exd5 Qxd5 4. d4 Nf6 5. Nf3 Bg4 6. dxc5 Qxc5 7. Na3 a6 8.
Be3 Qc7 9. Qa4+ Bd7 10. Qc2 Nc6 11. Nc4 Nd5 12. Bg5 g6 13. Qe4 Be6 14. Bh4 Bg7
15. Bg3 Qc8 16. Rd1 f5 17. Qe2 Nxc3 18. bxc3 Bxc3+ 19. Ncd2 b5 20. Qe3 b4 21.
Be2 Bxa2 22. O-O O-O 23. Bc4+ Bxc4 24. Nxc4 Qb7 25. Qe6+ Kg7 26. Rd7 Qb5 27.
Rfd1 Rf6 28. Rxe7+ Nxe7 29. Qxe7+ Rf7 30. Qxf7+ Kxf7 31. Nd6+ Kf6 32. Nxb5 axb5
33. Kf1 b3 34. Bf4 Kg7 35. Ke2 b2 36. Rb1 Ra1 37. Nd2 Bxd2 38. Rxb2 Bc3 39.
Rxb5 Ra7 1/2-1/2

[Event "4NCL/Div3/OXF3 vs. CONQ"]
[Site "Hinckley Island ENG"]
[Date "2009.03.21"]
[Round "7.3"]
[White "Jeffries, Majid"]
[Black "Holland, James"]
[Result "1-0"]
[WhiteElo "1997"]
[BlackElo "1920"]
[PlyCount "79"]
[EventDate "2009.03.21"]
[SourceDate "2008.10.04"]

1. Nf3 c5 2. c4 e6 3. Nc3 d5 4. cxd5 exd5 5. d4 Nc6 6. g3 Nf6 7. Bg2 Be7 8. O-O
O-O 9. dxc5 d4 10. Na4 Ne4 11. e3 d3 12. Nd4 Nxd4 13. exd4 Qxd4 14. Bxe4 Qxe4
15. Re1 Qd5 16. Rxe7 Bh3 17. f3 d2 18. Bxd2 Rad8 19. Re2 Qxf3 20. Rf2 Qd5 21.
Qb3 Qc6 22. Be3 Qe4 23. Bf4 Rd3 24. Nc3 Qd4 25. Qxb7 Rd8 26. Bd6 f6 27. Qe4
Qxe4 28. Nxe4 Re8 29. Nd2 Rde3 30. Nf3 g5 31. g4 Bxg4 32. Kg2 h5 33. b4 h4 34.
h3 Bd7 35. a4 Bc6 36. b5 Bd5 37. Rd1 Bb3 38. Rd4 R8e4 39. Rxe4 Rxe4 40. Nd2 1-0

[Event "4NCL/Div3/OXF3 vs. CONQ"]
[Site "Hinckley Island ENG"]
[Date "2009.03.21"]
[Round "7.4"]
[White "Paul, Barnaby"]
[Black "Levicki, Jeffrey"]
[Result "0-1"]
[WhiteElo "1750"]
[BlackElo "1924"]
[PlyCount "80"]
[EventDate "2009.03.21"]
[SourceDate "2008.10.04"]

1. c4 g6 2. g3 Bg7 3. Bg2 d6 4. Nc3 e5 5. e3 Nc6 6. Nge2 Nge7 7. d4 O-O 8. O-O
a6 9. f4 exd4 10. exd4 Nf5 11. d5 Ncd4 12. Re1 Re8 13. Nxd4 Rxe1+ 14. Qxe1 Nxd4
15. Qd1 Qe7 16. Bd2 h5 17. Qe1 Qf8 18. Rc1 Bg4 19. Qf1 Qe7 20. Re1 Qd7 21. Rc1
Re8 22. Re1 Kf8 23. Rxe8+ Qxe8 24. Qe1 Ne2+ 25. Nxe2 Qxe2 26. Qxe2 Bxe2 27. b3
Bd4+ 28. Kh1 Bd3 29. Bf3 Bb1 30. a3 Bc2 31. b4 Bd3 32. c5 dxc5 33. bxc5 Bxc5
34. Bb4 Bxb4 35. axb4 Ke7 36. d6+ Kxd6 37. Bxb7 c6 38. f5 Kc7 39. fxg6 fxg6 40.
Ba8 Bb5 0-1

[Event "4NCL/Div3/OXF3 vs. CONQ"]
[Site "Hinckley Island ENG"]
[Date "2009.03.21"]
[Round "7.5"]
[White "Terry, Sean"]
[Black "Foster, Caroline"]
[Result "1-0"]
[WhiteElo "1870"]
[BlackElo "1610"]
[PlyCount "39"]
[EventDate "2009.03.21"]
[SourceDate "2008.10.04"]

1. d4 d5 2. c4 dxc4 3. e3 Nf6 4. Bxc4 Bf5 5. Qb3 e6 6. Nc3 Qc8 7. f3 Bg6 8. e4
c5 9. d5 exd5 10. Nxd5 Nxd5 11. Bxd5 Nc6 12. h4 h6 13. h5 Bh7 14. Bxf7+ Kd8 15.
Bf4 Qd7 16. Rd1 Nd4 17. Be6 Qe7 18. Ne2 Ke8 19. Nxd4 cxd4 20. Qb5+ 1-0

[Event "4NCL/Div3/OXF3 vs. CONQ"]
[Site "Hinckley Island ENG"]
[Date "2009.03.21"]
[Round "7.6"]
[White "Foster, Ray Ryan"]
[Black "Henbest, Kevin B"]
[Result "0-1"]
[WhiteElo "1680"]
[BlackElo "1795"]
[PlyCount "46"]
[EventDate "2009.03.21"]
[SourceDate "2008.10.04"]

1. e4 c5 2. Nf3 d6 3. d4 cxd4 4. Nxd4 Nf6 5. Nc3 a6 6. b3 e5 7. Nf5 Be6 8. Ba3
Bxf5 9. exf5 Qa5 10. Bb2 d5 11. a3 d4 12. b4 Qc7 13. Na2 Nc6 14. Be2 Be7 15.
O-O O-O 16. c4 Rfd8 17. Qc2 e4 18. Qb3 d3 19. Bd1 Nd4 20. Bxd4 Rxd4 21. c5 Qf4
22. Qb2 Rad8 23. h3 Qxf5 0-1

[Event "4NCL/Div3/AMCAH vs. WOB"]
[Site "Hinckley Island ENG"]
[Date "2009.03.21"]
[Round "7.1"]
[White "Malhotra, Tarun"]
[Black "Kanike, Uday Kumar"]
[Result "0-1"]
[WhiteElo "1730"]
[BlackElo "2050"]
[PlyCount "152"]
[EventDate "2009.03.21"]
[SourceDate "2008.10.04"]

1. e4 c6 2. d4 d5 3. exd5 Qxd5 4. Nf3 Nf6 5. h3 Bf5 6. c4 Qa5+ 7. Nc3 e6 8. Bd3
Bb4 9. Bxf5 Qxf5 10. Bd2 Nbd7 11. O-O O-O 12. Qe2 Rfe8 13. Nh4 Qc2 14. Be1 Qxe2
15. Nxe2 Bxe1 16. Rfxe1 Nb6 17. b3 Rad8 18. Nf3 Ne4 19. Rad1 h6 20. Nc1 f5 21.
Ne5 Nd7 22. f3 Ng3 23. Ncd3 g5 24. c5 Kg7 25. Rd2 Nxe5 26. Nxe5 f4 27. Nc4 Nf5
28. Red1 Rd5 29. Kf2 Red8 30. Rd3 Kf6 31. R3d2 h5 32. a4 Nxd4 33. b4 e5 34. Nd6
b6 35. Rd3 bxc5 36. bxc5 Rb8 37. R1d2 Kg6 38. Ne4 Rb4 39. a5 Rd8 40. Ra3 Rdb8
41. Raa2 R8b5 42. a6 Rb3 43. Kg1 Re3 44. Rdb2 Rxb2 45. Rxb2 Rb3 46. Rxb3 Nxb3
47. Kf1 Kf5 48. Ke2 g4 49. Kd3 gxf3 50. gxf3 Nd4 51. Nd2 Ne6 52. Kc4 Nc7 53. h4
Nxa6 54. Ne4 Nc7 55. Nd6+ Ke6 56. Nc8 Nb5 57. Kb4 Kd7 58. Nd6 Nxd6 59. cxd6
Kxd6 60. Kc4 a5 61. Kd3 Kd5 62. Kc3 a4 63. Kb4 c5+ 64. Kxa4 c4 65. Ka3 Kd4 66.
Kb2 e4 67. fxe4 f3 68. e5 Kxe5 69. Kc3 Kd5 70. Kd2 Kd4 71. Kd1 c3 72. Kc2 f2
73. Kb3 f1=Q 74. Kb4 Qb1+ 75. Ka5 Kc5 76. Ka6 Qb6# 0-1

[Event "4NCL/Div3/AMCAH vs. WOB"]
[Site "Hinckley Island ENG"]
[Date "2009.03.21"]
[Round "7.2"]
[White "Harley-Yeo, Gareth"]
[Black "Meechan, Catriona"]
[Result "1-0"]
[WhiteElo "2044"]
[BlackElo "1780"]
[PlyCount "71"]
[EventDate "2009.03.21"]
[SourceDate "2008.10.04"]

1. e4 g6 2. d4 Bg7 3. c4 d6 4. Nc3 Nd7 5. Be3 c6 6. Qd2 Qc7 7. f3 e5 8. O-O-O
Ngf6 9. dxe5 dxe5 10. g4 b6 11. Kb1 Bb7 12. g5 Nh5 13. Bh3 O-O-O 14. c5 b5 15.
a4 a6 16. axb5 axb5 17. Nge2 Rhe8 18. Ng3 Nf4 19. Bxf4 exf4 20. Nge2 Be5 21. b4
Re7 22. Bg4 Kb8 23. h4 Bc8 24. Nd4 Ree8 25. Nce2 Bxd4 26. Nxd4 Ne5 27. Qxf4
Nxg4 28. Nxc6+ Kb7 29. Nxd8+ Rxd8 30. Qxc7+ Kxc7 31. Rxd8 Kxd8 32. fxg4 Bxg4
33. Kb2 Kd7 34. Kc3 Kc6 35. Kd4 Be6 36. Ra1 1-0

[Event "4NCL/Div3/AMCAH vs. WOB"]
[Site "Hinckley Island ENG"]
[Date "2009.03.21"]
[Round "7.3"]
[White "Jerzynek, Neil"]
[Black "Zhu, Yao Yao"]
[Result "1/2-1/2"]
[WhiteElo "1760"]
[BlackElo "1997"]
[PlyCount "71"]
[EventDate "2009.03.21"]
[SourceDate "2008.10.04"]

1. e4 c5 2. Nf3 Nc6 3. d4 cxd4 4. Nxd4 Nf6 5. Nc3 e5 6. Ndb5 d6 7. Bg5 a6 8.
Na3 b5 9. Nd5 Be7 10. Bxf6 Bxf6 11. c3 Bg5 12. Nc2 O-O 13. Nce3 Ne7 14. Nxe7+
Qxe7 15. Nd5 Qd8 16. Bd3 Be6 17. O-O f5 18. Qe2 f4 19. f3 Bh4 20. a4 Rc8 21.
axb5 axb5 22. Bxb5 Bg3 23. h3 Rc5 24. Bd3 Bxd5 25. exd5 Rf6 26. c4 Rc8 27. Kh1
Qe7 28. b4 Rcf8 29. Qc2 g5 30. Be2 Rh6 31. c5 Qd7 32. c6 Rxh3+ 33. Kg1 Bh2+ 34.
Kh1 Bg3+ 35. Kg1 Bh2+ 36. Kh1 1/2-1/2

[Event "4NCL/Div3/AMCAH vs. WOB"]
[Site "Hinckley Island ENG"]
[Date "2009.03.21"]
[Round "7.4"]
[White "Davies, Matthew"]
[Black "Pritchard, Abigail"]
[Result "1-0"]
[WhiteElo "1943"]
[BlackElo "1590"]
[PlyCount "59"]
[EventDate "2009.03.21"]
[SourceDate "2008.10.04"]

1. d4 Nf6 2. c4 g6 3. Nc3 Bg7 4. e4 d6 5. Nf3 O-O 6. Be2 Nbd7 7. O-O e5 8. d5
Ne8 9. Bg5 f6 10. Bh4 Qe7 11. Nd2 Qf7 12. f3 f5 13. b4 f4 14. Qc2 h6 15. Bf2 g5
16. Nb5 a6 17. Na7 Nb6 18. Nxc8 Rxc8 19. c5 Nd7 20. c6 Ndf6 21. cxb7 Rb8 22.
Qc6 h5 23. Ba7 Rxb7 24. Qxb7 g4 25. Rfc1 Qg6 26. Qxa6 h4 27. fxg4 Nxg4 28. Qc8
Nef6 29. Qe6+ Kh8 30. Bxg4 1-0

[Event "4NCL/Div3/AMCAH vs. WOB"]
[Site "Hinckley Island ENG"]
[Date "2009.03.21"]
[Round "7.5"]
[White "Coates, Christine"]
[Black "Jones, Jeremy J"]
[Result "1/2-1/2"]
[WhiteElo "1490"]
[BlackElo "1635"]
[PlyCount "52"]
[EventDate "2009.03.21"]
[SourceDate "2008.10.04"]

1. d4 d5 2. Nf3 Nf6 3. Bf4 c5 4. c3 Bf5 5. Nbd2 e6 6. e3 Bd6 7. Ne5 Nbd7 8. Be2
Qc7 9. O-O c4 10. Ndf3 Ng4 11. Nxg4 Bxf4 12. exf4 Bxg4 13. Ne5 Bxe2 14. Qxe2
Nxe5 15. Qxe5 Qxe5 16. fxe5 Rb8 17. f4 b5 18. a3 a5 19. f5 Rf8 20. fxe6 fxe6
21. Rxf8+ Kxf8 22. Rf1+ Ke7 23. Rf2 b4 24. axb4 axb4 25. Rf3 bxc3 26. bxc3 Rb2
1/2-1/2